Plasmas and controlled fusion (Record no. 2027)

MARC details
000 -LEADER
fixed length control field 00630nam a2200205Ia 4500
003 - CONTROL NUMBER IDENTIFIER
control field IN-BaIIA
008 - FIXED-LENGTH DATA ELEMENTS--GENERAL INFORMATION
fixed length control field 211028s9999 xx 000 0 eng d
040 ## - CATALOGING SOURCE
Transcribing agency IIA Library
080 ## - UNIVERSAL DECIMAL CLASSIFICATION NUMBER
Universal Decimal Classification number 533
Item number ROS
100 ## - MAIN ENTRY--PERSONAL NAME
Personal name Rose, David J.
9 (RLIN) 3829
245 #0 - TITLE STATEMENT
Title Plasmas and controlled fusion
Statement of responsibility, etc. David J. Rose and Melville Clark
260 ## - PUBLICATION, DISTRIBUTION, ETC.
Place of publication, distribution, etc. New York
Name of publisher, distributor, etc. MIT Press
Date of publication, distribution, etc. 1961
300 ## - PHYSICAL DESCRIPTION
Extent xiv, 493p.
650 ## - SUBJECT ADDED ENTRY--TOPICAL TERM
Topical term or geographic name entry element Astronomy and astrophysics thesaurus
650 ## - SUBJECT ADDED ENTRY--TOPICAL TERM
Topical term or geographic name entry element Controlled fusion
9 (RLIN) 3830
650 ## - SUBJECT ADDED ENTRY--TOPICAL TERM
Topical term or geographic name entry element Plasma physics
9 (RLIN) 3732
650 ## - SUBJECT ADDED ENTRY--TOPICAL TERM
Topical term or geographic name entry element Plasmas
9 (RLIN) 1898
700 ## - ADDED ENTRY--PERSONAL NAME
Personal name Clark, Melville
9 (RLIN) 3831
942 ## - ADDED ENTRY ELEMENTS (KOHA)
Koha item type Books
Holdings
Withdrawn status Lost status Damaged status Not for loan Home library Current library Shelving location Date acquired Cost, normal purchase price Total Checkouts Full call number Barcode Date last seen Cost, replacement price Price effective from Koha item type Purchase Price
        IIA Library-Bangalore IIA Library-Bangalore General Stacks   48.37   533/ ROS 2271 05/11/2021 48.37   Books Rs. 48.37

Powered by Koha